000 00819nas a2200253 4500
001 BR9902595
003 BR-BrBNA
005 20231205101431.0
007 ta
008 230509b bl.|||p| |||| 00| 00por d
040 _aBR-BrBNA
_bpor
_cBiblioteca Nacional de Agricultura
041 _a(Pt)
072 _aF01
100 1 _aMartins, M.B.G.
100 1 _aCastro, P.R. de C. e
245 1 _aAnatomia do caule de Lycopersicon esculentum Mill., submetidos a diferentes tratamentos com reguladores vegetais
650 _aTomate
650 _aRegulador de Crescimento
650 _aControle Fisico
650 _aCaule
773 0 _tBrazilian Archives of Biology and Technology (Brazil)
_xISSN 0365-0979
_g(1998), v. 41(2) p. 258-267
_wBR9902595
909 _a202311
_bLúcia
_c55
_dLúcia Elande
942 _2AGRIS
_n0
_cANA
999 _c161825
_d161825